Nationalities of Belarus (2019 census) - Statistics

General Stats
  • This quiz has been taken 22 times
  • The average score is 7 of 20
Answer Stats
Nationality Population % Correct
Belarusian 7 990 719
100%
Russian 706 992
94%
Polish 287 693
82%
Ukrainian 159 656
76%
Armenian 9 392
35%
Roma 6 848
35%
German 3 058
29%
Lithuanian 5 287
29%
Azerbaijani 6 001
24%
Georgian 2 730
24%
Jewish 13 705
24%
Kazakh 1 068
24%
Tajik 1 013
24%
Tatar 8 445
24%
Uzbek 1 441
24%
Chinese 1 788
18%
Latvian 1 534
18%
Moldovan 2 407
12%
Turkmen 5 231
12%
Chuvash 664
6%
No matching quizzes found
Score Distribution
Percent of People with Each Score
Percentile by Number Answered
Your Score History
You have not taken this quiz